Chansons gagnantes à l'Eurovision depuis 1956 - Statistiques

Statistiques générales
  • Ce quiz a été pris 92 fois
    11 depuis la dernière actualisation
  • Le résultat moyen est 33 sur 72
Statistiques - réponses
Année Pays vainqueur Chanson gagnante % Correct
2015 Suède Heroes
91%
1977 France L'Oiseau et l'Enfant
91%
2019 Pays-bas Arcade
82%
2010 Allemagne Satellite
82%
2022 Ukraine Stefania
82%
2023 Suède Tattoo
82%
2024 Suisse The Code
82%
2025 Autriche Wasted Love
82%
2016 Ukraine 1944
73%
2012 Suède Euphoria
73%
2009 Norvège Fairytale
73%
2018 Israël Toy
73%
2021 Italie Zitti e buoni
73%
2006 Finlande Hard Rock Hallelujah
64%
1965 Luxembourg Poupée de cire, poupée de son
64%
2014 Autriche Rise Like a Phoenix
64%
1998 Israël Diva
55%
1958 France Dors, mon amour
55%
1979 Israël Hallelujah
55%
1988 Suisse Ne partez pas sans moi
55%
1956 Suisse Refrain
55%
1971 Monaco Un banc, un arbre, une rue
55%
1974 Suède Waterloo
55%
2017 Portugal Amar Pelos Dois
45%
1972 Luxembourg Après toi
45%
2008 Russie Believe
45%
1986 Belgique J'aime la vie
45%
1968 Espagne La, la, la
45%
1966 Autriche Merci, chérie
45%
2007 Serbie Molitva
45%
2005 Grèce My Number One
45%
1995 Norvège Nocturne
45%
2013 Danemark Only Teardrops
45%
1994 Irlande Rock 'n' Roll Kids
45%
2011 Azerbaïdjan Running Scared
45%
2004 Ukraine Wild Dances
45%
1975 Pays-bas Ding-a-dong
36%
2001 Estonie Everybody
36%
2003 Turquie Everyway That I Can
36%
2000 Danemark Fly on the wings of Love
36%
1987 Irlande Hold me now
36%
1993 Irlande In Your Eyes
36%
2002 Lettonie I Wanna
36%
1964 Italie Non ho l'età
36%
1961 Luxembourg Nous les amoureux
36%
1967 Royaume-uni Puppet on a String
36%
1989 Yougoslavie Rock me
36%
1976 Royaume-uni Save your Kisses for Me
36%
1999 Suède Take me to your Heaven
36%
1996 Irlande The Voice
36%
1960 France Tom Pillibi
36%
1973 Luxembourg Tu te reconnaîtras
36%
1962 France Un premier amour
36%
1992 Irlande Why me ?
36%
1978 Israël A-Ba-Ni-Bi
27%
1970 Irlande All Kinds of Everything
27%
1963 Danemark Dansevise
27%
1982 Allemagne (de l'Ouest) Ein bißchen Frieden
27%
1990 Italie Insieme : 1992
27%
1985 Norvège La det swinge
27%
1997 Royaume-uni Love Shine a Light
27%
1981 Royaume-uni Making your mind up
27%
1969 France Un jour, un enfant
27%
1980 Irlande What's Another Year
27%
1969 Royaume-uni Boom Bang-a-Bang
18%
1969 Pays-bas De troubadour
18%
1984 Suède Diggi-Loo Diggi-Ley
18%
1991 Suède Fångad av en stormvind
18%
1957 Pays-bas Net als toen
18%
1983 Luxembourg Si la vie est un cadeau
18%
1969 Espagne Vivo Cantando
18%
1959 Pays-bas 'N Beetje
0%
Aucun quiz correspondant
Distribution des résultats
% des personnes avec chaque résultat
Percentile par nombre de réponses
Votre historique - résultats
Vous n’avez pas pris ce quiz depuis la dernière actualisation